<?xml version="1.0" encoding="UTF-8"?>
<record
    xmlns:xsi="http://www.w3.org/2001/XMLSchema-instance"
    xsi:schemaLocation="http://www.loc.gov/MARC21/slim http://www.loc.gov/standards/marcxml/schema/MARC21slim.xsd"
    xmlns="http://www.loc.gov/MARC21/slim">

  <leader>02140nam a2200301 i 4500</leader>
  <controlfield tag="003">DO-SdBNP</controlfield>
  <controlfield tag="005">20250611073819.0</controlfield>
  <controlfield tag="007">ta</controlfield>
  <controlfield tag="008">240820s2022    dr            000 j spa d</controlfield>
  <datafield tag="020" ind1=" " ind2=" ">
    <subfield code="a">9789945621327</subfield>
  </datafield>
  <datafield tag="040" ind1=" " ind2=" ">
    <subfield code="a">DO-SdBNP</subfield>
    <subfield code="b">spa</subfield>
    <subfield code="c">BNPHU</subfield>
    <subfield code="e">rda</subfield>
  </datafield>
  <datafield tag="082" ind1=" " ind2=" ">
    <subfield code="2">22</subfield>
    <subfield code="b">R426g</subfield>
  </datafield>
  <datafield tag="110" ind1="1" ind2=" ">
    <subfield code="a">Rep&#xFA;blica Dominicana.</subfield>
    <subfield code="b">Ministerio de Salud P&#xFA;blica</subfield>
    <subfield code="9">80830</subfield>
  </datafield>
  <datafield tag="245" ind1="1" ind2="0">
    <subfield code="a">Gu&#xED;a nacional para la atenci&#xF3;n de la coinfecci&#xF3;n TB y VIH /</subfield>
  </datafield>
  <datafield tag="264" ind1=" " ind2="1">
    <subfield code="a">Santo Domingo :</subfield>
    <subfield code="b">Mspas,</subfield>
    <subfield code="c">[2022].</subfield>
  </datafield>
  <datafield tag="300" ind1=" " ind2=" ">
    <subfield code="a">113 p&#xE1;ginas,  </subfield>
    <subfield code="c">21 cm.</subfield>
  </datafield>
  <datafield tag="336" ind1=" " ind2=" ">
    <subfield code="2">rdacontent</subfield>
    <subfield code="a">texto</subfield>
    <subfield code="b">txt</subfield>
  </datafield>
  <datafield tag="337" ind1=" " ind2=" ">
    <subfield code="2">rdamedia</subfield>
    <subfield code="a">sin mediaci&#xF3;n </subfield>
    <subfield code="b">n</subfield>
  </datafield>
  <datafield tag="338" ind1=" " ind2=" ">
    <subfield code="2">rdacarrier</subfield>
    <subfield code="a">volumen</subfield>
    <subfield code="b">nc</subfield>
  </datafield>
  <datafield tag="500" ind1=" " ind2=" ">
    <subfield code="a">Libro en espiral.</subfield>
  </datafield>
  <datafield tag="504" ind1=" " ind2=" ">
    <subfield code="a">Bibliograf&#xED;a p: 102-105.</subfield>
  </datafield>
  <datafield tag="520" ind1=" " ind2=" ">
    <subfield code="a">La pandemia de la infecci&#xF3;n por el VIH representa un importante desaf&#xED;o para el control de la tuberculosis (TB) a nivel nacional, constituy&#xF3; el 26% de los casos registrados con resultados de prueba de VIH (852/3749) en el 2019. Al mismo tiempo la tuberculosis fue una de las principales causas de muertes en personas viviendo con VIH, 50% (131/260) en el mismo periodo; esto atribuido a demoras en el diagn&#xF3;stico en personas coinfectadas TB/VIH. Para el 2018 la Organizaci&#xF3;n Mundial de la Salud (OMS) estim&#xF3; que a nivel mundial 10 millones de personas enfermaron de tuberculosis (TB), de los cuales 1.5 fallecieron a causa de la enfermedad y dentro de estas 251,000 eran personas viviendo con VIH. La TB es la causa principal de muerte en personas con VIH30 . La coinfecci&#xF3;n TB/VIH es un problema de salud p&#xFA;blica a nivel mundial, siendo el Caribe una de las &#xE1;reas de mayor incidencia y prevalencia de casos en la Regi&#xF3;n de las Am&#xE9;ricas.

Estandarizar y unificar los lineamientos sobre prevenci&#xF3;n, diagn&#xF3;stico y tratamiento de la coinfecci&#xF3;n TB/VIH de manera integral y coordinada entre los programas de control de la tuberculosis y control de VIH, basados en evidencia cient&#xED;fica.</subfield>
  </datafield>
  <datafield tag="590" ind1=" " ind2=" ">
    <subfield code="a">Inventariado, 2024/ YL</subfield>
  </datafield>
  <datafield tag="650" ind1=" " ind2="4">
    <subfield code="a">Tuberculosis</subfield>
    <subfield code="x">Tratamiento</subfield>
    <subfield code="9">79001</subfield>
  </datafield>
  <datafield tag="710" ind1="1" ind2=" ">
    <subfield code="a">Ministerio de Salud P&#xFA;blica y Asistencia Social</subfield>
    <subfield code="9">86348</subfield>
  </datafield>
  <datafield tag="910" ind1=" " ind2=" ">
    <subfield code="a">YLockward</subfield>
  </datafield>
  <datafield tag="942" ind1=" " ind2=" ">
    <subfield code="2">ddc</subfield>
    <subfield code="c">LBS1</subfield>
  </datafield>
  <datafield tag="952" ind1=" " ind2=" ">
    <subfield code="0">0</subfield>
    <subfield code="1">0</subfield>
    <subfield code="2">ddc</subfield>
    <subfield code="5">1</subfield>
    <subfield code="7">0</subfield>
    <subfield code="8">PD</subfield>
    <subfield code="a">BNPHU</subfield>
    <subfield code="b">BNPHU</subfield>
    <subfield code="c">CT</subfield>
    <subfield code="d">2024-07-16</subfield>
    <subfield code="e">Deposito Legal</subfield>
    <subfield code="l">0</subfield>
    <subfield code="o">BNPHU PD R426g</subfield>
    <subfield code="p">2024-4929</subfield>
    <subfield code="r">2024-08-20</subfield>
    <subfield code="w">2024-08-20</subfield>
    <subfield code="y">LBS1</subfield>
  </datafield>
  <datafield tag="952" ind1=" " ind2=" ">
    <subfield code="0">0</subfield>
    <subfield code="1">0</subfield>
    <subfield code="2">ddc</subfield>
    <subfield code="5">1</subfield>
    <subfield code="7">0</subfield>
    <subfield code="8">PD</subfield>
    <subfield code="a">BNPHU</subfield>
    <subfield code="b">BNPHU</subfield>
    <subfield code="c">CT</subfield>
    <subfield code="d">2024-07-16</subfield>
    <subfield code="e">Deposito Legal</subfield>
    <subfield code="l">0</subfield>
    <subfield code="o">BNPHU PD R426g</subfield>
    <subfield code="p">2024-4930</subfield>
    <subfield code="r">2024-08-20</subfield>
    <subfield code="t">e. 2</subfield>
    <subfield code="w">2024-08-20</subfield>
    <subfield code="y">LBS1</subfield>
  </datafield>
  <datafield tag="952" ind1=" " ind2=" ">
    <subfield code="0">0</subfield>
    <subfield code="1">0</subfield>
    <subfield code="2">ddc</subfield>
    <subfield code="5">6</subfield>
    <subfield code="7">0</subfield>
    <subfield code="8">DS</subfield>
    <subfield code="a">BNPHU</subfield>
    <subfield code="b">BNPHU</subfield>
    <subfield code="c">CT</subfield>
    <subfield code="d">2024-07-16</subfield>
    <subfield code="e">Deposito Legal</subfield>
    <subfield code="l">0</subfield>
    <subfield code="o">BNPHU DS R426g</subfield>
    <subfield code="p">2024-4931</subfield>
    <subfield code="r">2024-08-20</subfield>
    <subfield code="t">e. 3</subfield>
    <subfield code="w">2024-08-20</subfield>
    <subfield code="y">LBS1</subfield>
  </datafield>
  <datafield tag="999" ind1=" " ind2=" ">
    <subfield code="c">57482</subfield>
    <subfield code="d">57482</subfield>
  </datafield>
</record>
